El mediterráneo / (Registro nro. 12791)
[ vista simple ]
| 000 -LIDER | |
|---|---|
| fixed length control field | 00841nam a22003017a 4500 |
| 003 - IDENTIFICACDOR DE NÚMERO DE CONTROL | |
| control field | DO-SdBNP |
| 005 - DATE AND TIME OF LATEST TRANSACTION | |
| control field | 20250820102034.0 |
| 008 - ELEMENTOS DE LONGITUD FIJA | |
| fixed length control field | 060721 1986 sp a spa |
| 017 ## - NÚMERO DE REGISTRO DE DERECHOS DE AUTOR | |
| Copyright or legal deposit number | |
| Assigning agency | |
| 020 ## - ISBN | |
| International Standard Book Number | 8426311385 |
| 035 ## - NÚMERO LOCAL | |
| System control number | |
| 040 ## - FUENTE DE CATALOGACIÓN | |
| Agencia que crea de manera original el registro | BPMSU |
| Idioma de catalogación | spa |
| Agencia que realiza la transcripción | BPMSU |
| Convenciones de la despripción | |
| 082 ## - NÚMERO DE CLASIFICACIÓN DECIMAL DE DEWEY | |
| Classification number | |
| Item number | |
| 092 ## - LOCALLY ASSIGNED DEWEY DECIMAL CALL NUMBER | |
| Número de clasificación | xxxx |
| Número de ítem (Cutter) | xxxx |
| Número de edición | |
| 100 1# - ASIENTO PRINCIPAL -- NOMBRE PERSONAL | |
| Nombre personal | Adam, Jean-Pierre |
| 245 13 - MENCIÓN DE TITULO | |
| Título | El mediterráneo / |
| Medio (Designación general de material) | |
| Mención de responsabilidad | Jean-Perre Adam ; ilustraciones Michaël Welply |
| 260 ## - PUBLICACIÓN, DISTRIBUCIÓN, ETC. (PIE DE IMPRENTA) | |
| Lugar de publicación, distribución, etc | Barcelona : |
| Nombre del editor, distribuidor, etc. | Luis Vives, |
| Fecha de publicación, distribución, etc | 1986. |
| Lugar de impresión | |
| Impresor | |
| 300 ## - DESCRIPCIÓN FÍSICA | |
| Extensión | 77 p. ; |
| Dimensiones | 32 cm. |
| 490 0# - MENCIÓN DE SERIES | |
| Mención de serie | Historia de los hombres |
| 650 ## - ENCABEZAMIENTO DE MATERIA--TEMÁTICO | |
| Fuente del encabezamiento o término | NOVELA INGLESA |
| 650 #4 - ENCABEZAMIENTO DE MATERIA--TEMÁTICO | |
| Fuente del encabezamiento o término | MAGIA - NOVELA |
| 650 #4 - ENCABEZAMIENTO DE MATERIA--TEMÁTICO | |
| Fuente del encabezamiento o término | NOVELA JUVENIL INGLESA |
| 700 1# - ASIENTO SECUNDARIO -- NOMBRE PERSONAL | |
| Nombre personal | Welply, Michaël |
| Mención de responsabilidad | il. |
| 942 ## - ADDED ENTRY ELEMENTS (KOHA) | |
| Source of classification or shelving scheme | Dewey Decimal Classification |
| Koha item type | Libros |
| 945 ## - INFORMACIÓN DE PROCESAMIENTO LOCAL | |
| Información de procesamiento local | inventariado extranjero / DG |
| 956 ## - LOCAL ELECTRONIC LOCATION AND ACCESS (OCLC) | |
| Nombre de host | YLOCKWARD |
| Método de acceso | 10 |
| Enlace | BPMSU |
| Campo enlazado y núm. de secuencia | 00144 |
| 980 ## - EQUIVALENCE OR CROSS-REFERENCE-SERIES STATEMENT--PERSONAL NAME/TITLE [LOCAL, CANADA] | |
| Personal name | |
| -- | |
| Numeration | |
| Attribution qualifier | |
| Titles and other words associated with a name | |
| Withdrawn status | Lost status | Source of classification or shelving scheme | Damaged status | Not for loan | Collection code | Home library | Current library | Date acquired | Source of acquisition | Total Checkouts | Barcode | Date last seen | Price effective from | Koha item type |
|---|---|---|---|---|---|---|---|---|---|---|---|---|---|---|
| Dewey Decimal Classification | Colección General | Biblioteca Pública Metropolitana Salomé Ureña | Biblioteca Pública Metropolitana Salomé Ureña | 11/08/2017 | Donado por Fundi | BPMSU17110081 | 11/08/2017 | 11/08/2017 | Libros |